Central Library OPAC University of Rajshahi

Outline of monetary economics / (Record no. 43642)

MARC details
000 -LEADER
fixed length control field 00720nam a2200241 a 4500
001 - CONTROL NUMBER
control field 43642
003 - CONTROL NUMBER IDENTIFIER
rucl marc code BD-RJUL
005 - DATE AND TIME OF LATEST TRANSACTION
control field 20211209053729.0
008 - FIXED-LENGTH DATA ELEMENTS--GENERAL INFORMATION
fixed length control field 160625s1957 enkd 000 0 eng c
035 ## - SYSTEM CONTROL NUMBER
System control number (BD-RjUL)43760
040 ## - CATALOGING SOURCE
Original cataloging agency BD-RjUL
Language of cataloging eng
Transcribing agency BD-RjUL
041 ## - LANGUAGE CODE
Language code of text/sound track or separate title eng
082 ## - DEWEY DECIMAL CLASSIFICATION NUMBER
Edition number 23
Classification number 332.4
Author mark and year DAO 1967
100 1# - MAIN ENTRY--PERSONAL NAME
Personal name Day, A. C. L.
Fuller form of name (Alan Charles Lynn)
9 (RLIN) 134079
245 10 - TITLE STATEMENT
Title Outline of monetary economics /
Statement of responsibility, etc. by A.C.L. Day
260 ## - PUBLICATION, DISTRIBUTION, ETC. (IMPRINT)
Place of publication, distribution, etc. Oxford :
Name of publisher, distributor, etc. Clarendon Press,
Date of publication, distribution, etc. 1967, c1957
300 ## - PHYSICAL DESCRIPTION
Pagination 559 p. :
Illustrations ill. ;
Size 22 cm
504 ## - BIBLIOGRAPHY, ETC. NOTE
Bibliography, etc Includes bibliographical references and index
650 #0 - SUBJECT ADDED ENTRY--TOPICAL TERM
Topical term or geographic name as entry element Money.
9 (RLIN) 134083
Topical term or geographic name as entry element Finance.
9 (RLIN) 134084
Topical term or geographic name as entry element Finance
Geographic subdivision Great Britain.
9 (RLIN) 131175
942 ## - ADDED ENTRY ELEMENTS (KOHA)
Source of classification or shelving scheme Dewey Decimal Classification
Koha item type Books
Holdings
Lost status Source of classification or shelving scheme Damaged status Not for loan Collection code Permanent Location Current Location Shelving location Date acquired Source of acquisition Cost, normal purchase price Total Checkouts Full call number Date last seen Copy number Koha item type
  Dewey Decimal Classification     Non-fiction Central Library, University of Rajshahi Central Library, University of Rajshahi   06/06/1969 Zeithlinger 72.00   332.4 DAO 1967 25/06/2016 C-2 Books
  Dewey Decimal Classification     Non-fiction Central Library, University of Rajshahi Central Library, University of Rajshahi   06/06/1969 Zeithlinger 72.00   332.4 DAO 1967 25/06/2016 C-3 Books
  Dewey Decimal Classification     Non-fiction Central Library, University of Rajshahi Central Library, University of Rajshahi   06/06/1969 Zeithlinger 72.00   332.4 DAO 1967 25/06/2016 C-4 Books
  Dewey Decimal Classification     Non-fiction Central Library, University of Rajshahi Central Library, University of Rajshahi   06/06/1969 Zeithlinger 72.00   332.4 DAO 1967 25/06/2016 C-5 Books
  Dewey Decimal Classification     Non-fiction Central Library, University of Rajshahi Central Library, University of Rajshahi   06/06/1969 Zeetlinger 72.00   332.4 DAO 1967 05/09/2016 C-6 Books